Formula 1 - Special Liveries #1 - Statistics

General Stats
  • This quiz has been taken 80 times
    24 since last reset
  • The average score is 17 of 27
Answer Stats
Picture Answer % Correct
Ferrari
100%
McLaren
95%
Red Bull
95%
Haas
89%
McLaren
89%
Red Bull
89%
Alfa Romeo
84%
Mercedes
84%
2020
68%
2021
68%
Monaco (Monte Carlo)
68%
2021
63%
Visa Cash App Racing Bulls
63%
2007
58%
2019
58%
2023
58%
2025
58%
Italy (Monza)
53%
Italy (Mugello)
53%
1986
47%
2025
47%
Canada (Montréal)
47%
Turkey (Istanbul Park)
47%
United Kingdom (Silverstone)
47%
USA (Miami)
47%
Germany (Hockenheimring)
37%
Portugal (Estoril)
26%
No matching quizzes found
Score Distribution
Percent of People with Each Score
Percentile by Number Answered
Your Score History
You have not taken this quiz since the last reset